000 00324nam a22001457a 4500
008 210519b ||||| |||| 00| 0 eng d
020 _a47167155
041 _aeng
080 _22nd
_a574
082 _a574
100 _a9
101 _aMJE
245 _aIndustrial Hygiene and Toxicology
_cClayton,G.D
942 _2udc
_cBK
999 _c57477
_d57477